000 01195cam a22003257a 4500
001 3805
003 FISKH
005 20240529110445.0
008 031230r20032001paua 001 0 eng d
010 _a 2003284241
020 _a9781842368817
040 _aOCO
_cOCO
_dDLC
_beng
042 _alccopycat
050 0 0 _aQL644.2
_b.K39 2003
082 0 0 _a597.9
_222
100 1 _aKay, Ann.
245 1 0 _a100 facts :
_cAnn Kay ; consultant, Steve Parker.
_bReptiles & amphibians /
260 _aSilver Dolphin Books :
_bSan Diego;
_c2001
300 _a48 pages :
_bcolor illustrations ;
_c30 cm
490 _a100 facts
500 _aIncludes index.
500 _aOriginally published: Great Bardfield : Miles Kelly Publishing, c2001.
520 _aIncluding puzzles, quizzes, and projects, text and artwork reveal toads, frogs, lizards, tortoises, turtles, crocodiles, and snakes and their adaptations to their surroundings.
650 0 _aReptiles
_vMiscellanea
_vJuvenile literature.
650 0 _aAmphibians
_vMiscellanea
_vJuvenile literature.
700 _aParker, Steve
_eConsultor
906 _a7
_bcbc
_ccopycat
_d2
_encip
_f20
_gy-gencatlg
942 _2ddc
_cBK
_n0
999 _c3805
_d3805